000 00299nam a22001337a 4500
008 181220b xxu||||| |||| 00| 0 eng d
020 _a9780761921912
041 _aeng
080 _23rd
_a371
100 _a46
101 _aEDU
245 _aSurvey Research Methods
_cFowler,F.J
942 _2udc
_cBK
999 _c53570
_d53570